Southville International School and Colleges
Your cart is empty.
  • Cart
  • Lists
    Public lists Eva Luna New books Lux_list list_1
    Your lists Log in to create your own lists
  • Log in to your account
  • Your cookies
  • Search history
Southville International School and Colleges
  • Advanced search
  • Recent comments
  • Most popular
  • Libraries

Log in to your account

Log in with GOOGLE


If you do not have an external account, but do have a local account, you can still log in:

  1. Home
  2. MARC view: June 12, 1898 and related documents /
Normal view MARC view ISBD view

June 12, 1898 and related documents / (Record no. 1742)

[ view plain ]
MARC details
000 -LEADER
fixed length control field 00457nam a22001697a 4500
003 - CONTROL NUMBER IDENTIFIER
control field OSt
005 - DATE AND TIME OF LATEST TRANSACTION
control field 20140310181715.0
008 - FIXED-LENGTH DATA ELEMENTS--GENERAL INFORMATION
fixed length control field 121214t xxu||||| |||| 00| 0 eng d
020 ## - INTERNATIONAL STANDARD BOOK NUMBER
International Standard Book Number 9715380506
050 ## - LIBRARY OF CONGRESS CALL NUMBER
Classification number DS 676
Item number .J95 1972
082 ## - DEWEY DECIMAL CLASSIFICATION NUMBER
Classification number FIL 959.902
Item number Ju95 1993
245 ## - TITLE STATEMENT
Title June 12, 1898 and related documents /
260 ## - PUBLICATION, DISTRIBUTION, ETC. (IMPRINT)
Place of publication, distribution, etc Manila :
Name of publisher, distributor, etc National Historical Commission.,
Date of publication, distribution, etc 1972.
300 ## - PHYSICAL DESCRIPTION
Extent 81 p. :
Dimensions 25 cm. :
942 ## - ADDED ENTRY ELEMENTS (KOHA)
Source of classification or shelving scheme Library of Congress Classification
Koha item type Books
Call number prefix Filipininana
Holdings
Withdrawn status Lost status Source of classification or shelving scheme Damaged status Home library Current library Shelving location Date acquired Total Checkouts Full call number Barcode Date last seen Copy number Price effective from Koha item type
    Library of Congress Classification   Luxembourg Library Luxembourg Library Filipiniana Section 12/14/2012   DS 676 .J95 1972 6104 08/13/2013 1 10/03/2013 Books

June 12, 1898 and related documents /

APA

(1972). June 12, 1898 and related documents. Manila: National Historical Commission.

Chicago

1972. June 12, 1898 and related documents. Manila: National Historical Commission.

Harvard

(1972). June 12, 1898 and related documents. Manila: National Historical Commission.

MLA

June 12, 1898 and related documents. Manila: National Historical Commission. 1972.

  • Place hold
  • Print
  • Cite
  • Add to your cart (remove)
  • Save record
    BIBTEX Dublin Core MARCXML MARC (non-Unicode/MARC-8) MARC (Unicode/UTF-8) MARC (Unicode/UTF-8, Standard) MODS (XML) RIS
  • More searches
    Search for this title in:
    Other Libraries (WorldCat) Other Databases (Google Scholar) Online Stores (Bookfinder.com) Open Library (openlibrary.org)

Exporting to Dublin Core...

SOUTHVILLE LIBRARY

Southville International School and Colleges Library

1281 Tropical Ave. Cor. Luxembourg St., BF Homes International, Las Pinas City

Tel. No. 8256374 / 252358 Loc. 117/146

Powered by Koha